| 000 | 00912nam a2200229Ia 4500 | ||
|---|---|---|---|
| 003 | Ost | ||
| 005 | 20260507075037.0 | ||
| 008 | 260507s9999||||xx |||||||||||||| ||und|| | ||
| 040 | _cfsecg | ||
| 041 | _aara | ||
| 082 | _a330 | ||
| 100 |
_aمحمود، أحمد عبد المنصف _eمؤلف |
||
| 245 | 0 |
_aاقتصاديات النقل البحري / _c أحمد عبد المنصف محمود |
|
| 260 |
_aالاسكندرية: _bمكتبة ومطبعة الاشعاع الفنية, _c2001 |
||
| 300 |
_a240 صفحة؛ _bإيضاحات ؛ _c24 سم |
||
| 504 | _aملاحق 233ص. | ||
| 520 | _aاقتصاديات النقل-التكاليف-السوق الملاحي-عقد الاعارة كوسيلة لتمويل حيازة السفن-السياسات البحرية-جهاز المشورة | ||
| 653 | _aالاقتصاد | ||
| 653 | _aالبواخر | ||
| 653 | _aالنقل | ||
| 942 | _cكتاب | ||
| 999 |
_c42468 _d42468 |
||